000 00536nam a2200217Ia 4500
003 OSt
005 20220924153536.0
006 a|||||r|||| 00| 0
007 ta
008 220923b |||||||| |||| 00| 0 mar d
024 _a350657
037 _cTextual
040 _aARTS
_cARTS
_bmar
041 _2mar
_amar
082 _aO155, P3
100 _aGogte M G Au.
_9229132
245 0 _aMansancha mendu wa tyaye karya
260 _c2003
942 _hO155, P3
_cTEXL
_2CC
999 _c473970
_d473970